000 00873nas a2200277 4500
001 BR0204262
003 BR-BrBNA
005 20231205103211.0
007 ta
008 230509b bl.|||p| |||| 00| 00por d
040 _aBR-BrBNA
_bpor
_cBiblioteca Nacional de Agricultura
041 _a(Pt)
072 _aF06
100 1 _aAlves, P.R.V.
100 1 _aPorto, R.M.
245 1 _aCoeficiente geométrico para estimativa da perda de carga localizada em linhas laterais de irrigação por gotejamento
650 _aIRRIGAÇÃO POR GOTEJAMENTO
650 _aIRRIGAÇÃO LOCALIZADA
650 _aGOTEJADOR
650 _aSIMULAÇÃO
650 _aMODELO MATEMÁTICO
650 _aSÃO PAULO
773 0 _tEngenharia Agrícola (Brazil)
_xISSN 0100-6916
_g(Jan 2002), v. 22(1) p. 51-59
_wBR0204262
909 _a202311
_bLúcia
_c55
_dLúcia Elande
942 _2AGRIS
_n0
_cANA
999 _c171628
_d171628